00399nam a2200121Ia 4500001000400000008004100004082002000045100001800065245013400083260001700217901002800234999001500262211241024s9999 xx 000 0 und d aRD/100.107/E59e a[*SIN AUTOR*] 0aLa Enseñanza de la Filosfia en América Latina y el Caribe,memorias de la Reunión Regional de Alto Nivel 8 y 9 de junio 2009 bUNESCOc2009 a22/10/2010 9:36:07 a.m. c9954d9954